000 00356nam a2200133Ia 4500
005 20260328104324.0
008 260328s9999||||xx |||||||||||||| ||und||
100 _aGaudi, Antoní
245 0 _aAntoni Gaudí 1852-1926.Arquitectura, Ideología y politica. /
_cAntoní Gaudi
260 _bElecta
300 _a346 p.
650 _aARQUITECTURA
942 _cBK
999 _c11444
_d11444